Mengurus secara Islam / (Record no. 1139)

000 -LEADER
fixed length control field nam a22 a 4500
003 - CONTROL NUMBER IDENTIFIER
control field AKMAL
005 - DATE AND TIME OF LATEST TRANSACTION
control field 20170508142816.0
008 - FIXED-LENGTH DATA ELEMENTS--GENERAL INFORMATION
fixed length control field 170508s1991 my 00 may d
020 ## - INTERNATIONAL STANDARD BOOK NUMBER
International Standard Book Number 9679963527 (kkt.):
Terms of availability RM 9.90
040 ## - CATALOGING SOURCE
Original cataloging agency AKMAL
082 04 - DEWEY DECIMAL CLASSIFICATION NUMBER
Classification number 297.44 YUS
090 ## - LOCALLY ASSIGNED LC-TYPE CALL NUMBER (OCLC); LOCAL CALL NUMBER (RLIN)
Classification number (OCLC) (R) ; Classification number, CALL (RLIN) (NR) 297.44
Local cutter number (OCLC) ; Book number/undivided call number, CALL (RLIN) YUS
100 ## - MAIN ENTRY--PERSONAL NAME
Personal name Yusof Ismail
9 (RLIN) 1801
245 1# - TITLE STATEMENT
Title Mengurus secara Islam /
Statement of responsibility, etc. Yusof Ismail
260 ## - PUBLICATION, DISTRIBUTION, ETC.
Place of publication, distribution, etc. Kuala Lumpur :
Name of publisher, distributor, etc. A.S. Noordeen,
Date of publication, distribution, etc. 1991
300 ## - PHYSICAL DESCRIPTION
Extent v, 253ms. ;
Dimensions 21cm.
504 ## - BIBLIOGRAPHY, ETC. NOTE
Bibliography, etc. note Mengandungi bibliografi
505 0# - FORMATTED CONTENTS NOTE
Formatted contents note Mengandungi ayat-ayat dari Quran
650 ## - SUBJECT ADDED ENTRY--TOPICAL TERM
Topical term or geographic name entry element Management
General subdivision Religious aspects
-- Islam
9 (RLIN) 1905
942 ## - ADDED ENTRY ELEMENTS (KOHA)
Source of classification or shelving scheme
Koha item type Book
Holdings
Withdrawn status Lost status Source of classification or shelving scheme Damaged status Not for loan Collection code Home library Current library Shelving location Date acquired Inventory number Total Checkouts Full call number Barcode Date last seen Price effective from Koha item type
          NON-FICTION AKMAL Melaka AKMAL Melaka PINJAMAN 08.05.2017 00538   297.44 YUS 201702269 08.05.2017 08.05.2017 Book
Pusat Sumber Maklumat Dato' Haji Sarmin Md Hussin, Akademi Kastam Diraja Malaysia, Melaka
Tel: 06-2331106 | Faks: 06-2313787